|
|
|
|
| LEADER |
00000cam a2200000 i 4500 |
| 001 |
1/20441 |
| 008 |
051208s1997 gre d |
| 020 |
|
|
|a 960-500-192-6
|
| 035 |
|
|
|l 10081616
|
| 040 |
|
|
|a GR-MY-UA
|b gre
|e aacr
|
| 041 |
0 |
|
|a gre
|
| 082 |
0 |
|
|a 759.9495
|2 (22)
|
| 100 |
1 |
|
|a Λυδάκης, Στέλιος.
|
| 245 |
1 |
0 |
|a Κωνσταντίνος Βολανάκης /
|c Στέλιος Λυδάκης
|
| 260 |
|
|
|a Αθήνα :
|b Αδάμ,
|c 1997
|
| 300 |
|
|
|a 217 σ.;
|c 31 εκ.
|
| 504 |
|
|
|a Βιβλιογραφία: σ.213-215. Ευρετήριο
|
| 650 |
0 |
0 |
|a Painting, Greek.
|
| 650 |
0 |
0 |
|a Painters
|z Greece
|x Biography.
|
| 852 |
|
|
|a INST
|b RHODES
|c KRI
|e 20051208
|h 759.9495 ΛΥΔ
|p 005400030472
|q 005400030472
|t BK
|y 0
|
| 901 |
|
|
|a BIBL4-2005-3
|
| 909 |
|
|
|a Ρ
|b 122770
|
| 970 |
|
|
|a ΚΟΖΑ
|b ΜΑΡΙΑ
|z 2005/12/08
|